'R' Logos Quiz Stats

 Plays Quiz Updated Jan 23, 2016

Also try: 'P' Logos
Challenge
Share
Tweet
Score 0/20 Timer 05:00
6 Plays Today
% Correct
Red Bull
97%
Boston Red Sox
91.2%
Ralph Lauren
87%
Republican Party
83.2%
The Rolling Stones
82.4%
Red Lobster
78.2%
Ronald McDonald House Charities
71.4%
Red Robin
68.7%
Rolls-Royce
68.2%
Detroit Red Wings
65.6%
% Correct
Reddit
63.3%
Rolex
60.9%
Radioshack
60.7%
Red Hot Chili Peppers
53.3%
Renault
53.1%
Rockstar
52.3%
Real Madrid
50.4%
Rotary International
46.4%
Reebok
46.4%
Rose Bowl
39.5%

You're not logged in!

Compare scores with friends on all Sporcle quizzes.
OR
Log In

You Might Also Like...

Show Comments

Extras

Top Quizzes Today


Score Distribution

Your Account Isn't Verified!

In order to create a playlist on Sporcle, you need to verify the email address you used during registration. Go to your Sporcle Settings to finish the process.

Report this User

Report this user for behavior that violates our Community Guidelines.

Details: